KOHA-Header-6

Introductory Statistics (Record no. 9357)

000 -LEADER
fixed length control field 00234nam a2200109Ia 4500
020 ## - INTERNATIONAL STANDARD BOOK NUMBER
ISBN 978-0321393616
100 ## - MAIN ENTRY--AUTHOR NAME
Personal name Neil A.Weiss
245 #0 - TITLE STATEMENT
Title Introductory Statistics
260 ## - PUBLICATION, DISTRIBUTION, ETC. (IMPRINT)
Place of publication New Delhi
Name of publisher Addison
Year of publication 2004
300 ## - PHYSICAL DESCRIPTION
Number of Pages 96
942 ## - ADDED ENTRY ELEMENTS (KOHA)
Koha item type Books
Holdings
Withdrawn status Lost status Collection code Permanent Location Current Location Shelving location Date acquired Full call number Accession Number Koha item type
    Statistics MAJU MAJU Shelf No.A27 2019-09-14 658.8 5002 Statistics

Powered by Koha